| 000 | 00639nam a2200229 a 4500 | ||
|---|---|---|---|
| 005 | 20140311163037.0 | ||
| 008 | 111003s19uu xx 00 eng d | ||
| 020 | _a9780071267755 | ||
| 050 |
_aHD 74 _b.R823 2009 |
||
| 100 | _aRoss, Stephen | ||
| 245 |
_aModern financial management / _cStephen A. Ross, et al. |
||
| 250 | _a8th ed. | ||
| 260 |
_aBoston : _bMcGraw Hill, _c2009. |
||
| 300 |
_a926 p. : _bcol. ill. ; _c26 cm. |
||
| 521 | _aBSBA | ||
| 650 |
_aBusiness enterprises _xFinance |
||
| 700 | _aWesterfield, Randolph | ||
| 700 | _aJaffe, Jeffrey | ||
| 700 | _aJordan, Bradford | ||
| 942 |
_cBK _2lcc _kFOR |
||
| 999 |
_c39692 _d39692 |
||